| 000 | 00444nam a2200133Ia 4500 | ||
|---|---|---|---|
| 008 | 181023s9999 xx 000 0 und d | ||
| 020 | _a9781259863004 | ||
| 100 | _aRobson, Ben. | ||
| 245 |
_cBen Robson.-- _aCurrency kings : _bhow billionaire traders made their fortune trading forex and how you can too / |
||
| 260 |
_aNew York : _bMcGraw Hill _c2017 |
||
| 300 | _axiv, 304 pages. | ||
| 650 | _aBusiness and economics. | ||
| 650 | _aInvestments. | ||
| 999 |
_c359386 _d359386 |
||